000 00448nam a22001457u 4500
008 130405s1967 xxu||||| |||| 00| 0 spa d
041 _aspa
100 1 _aCastro Albarran, Aniceto
_926171
245 0 0 _aLo nuevo conciliar y lo eclesial perenne
_b:De la antítesis a la inserción
_cAniceto Castro Albarran
260 _aMadrid:
_bStudium,
_c1967
300 _a179 p.
_c;18 cm.
650 0 4 _aIglesia
_xVaticano II
_913853
942 _cBK
001 24750
999 _c255680
_d255680